Managerial Economics (Record no. 1107)

MARC details
000 -LEADER
fixed length control field 00419nam a22001697a 4500
005 - DATE AND TIME OF LATEST TRANSACTION
control field 20180725125010.0
008 - FIXED-LENGTH DATA ELEMENTS--GENERAL INFORMATION
fixed length control field 160519b xxu||||| |||| 00| 0 eng d
020 ## - INTERNATIONAL STANDARD BOOK NUMBER
ISBN 81-8350-137-0
041 ## - LANGUAGE CODE
Language code of text/sound track or separate title eng
082 ## - DEWEY DECIMAL CLASSIFICATION NUMBER
Item number 3254
Classification number 338.502 465 8
100 ## - MAIN ENTRY--AUTHOR NAME
Personal name I.C. Dhingra
245 ## - TITLE STATEMENT
Title Managerial Economics
260 ## - PUBLICATION, DISTRIBUTION, ETC. (IMPRINT)
Place of publication New Delhi
Name of publisher Sultan Chand & Sons.
Year of publication 2007
300 ## - PHYSICAL DESCRIPTION
Number of Pages 2151
650 ## - SUBJECT ADDED ENTRY--TOPICAL TERM
Topical Term Management
942 ## - ADDED ENTRY ELEMENTS (KOHA)
Koha item type Books
Holdings
Lost status Damaged status Collection code Home library Shelving location Date acquired Cost, normal purchase price Full call number Accession Number Koha item type Current library
    MANAGEMENT JRU Library SHELF-60-A 19/05/2016 225.00 338.502 465 8 3254 Books  
    MANAGEMENT JRU Library SHELF-60-A 19/05/2016 225.00 338.502 465 8 3255 Books JRU Library
    MANAGEMENT JRU Library SHELF-60-A 19/05/2016 225.00 338.502 465 8 3256 Books  
    MANAGEMENT JRU Library SHELF-60-A 19/05/2016 225.00 338.502 465 8 3257 Books  
    MANAGEMENT JRU Library SHELF-60-E 19/05/2016 225.00 338.502 465 8 3258 Books JRU Library
    MANAGEMENT JRU Library SHELF-60-A 19/05/2016 225.00 338.502 465 8 3259 Books JRU Library